| 000 | 01223nam0a22002531 4500 | ||
|---|---|---|---|
| 001 | rc\235613 | ||
| 005 | 20260407114120.0 | ||
| 035 | _a(NLR Aleph) 005497970 | ||
| 090 |
_a5276997 _c5276997 |
||
| 100 | _a20030307d1990 |||y0rusy50 ca | ||
| 101 | 0 | _arus | |
| 102 | _aRU | ||
| 105 | _ay ||||||||| | ||
| 200 | 1 |
_aМетодические рекомендации по автоматизированному формированию организационно-технологической и плановой документации коллективного подряда в низовых строительных организациях _fЦНИИ экономики и управления стр-вом _g[Подгот. Воропаев В.И. и др.] |
|
| 210 |
_aМ. _cЦНИИЭУС _d1990 |
||
| 215 |
_a78 с. _d20 |
||
| 320 | _aБиблиогр.: с. 37 (8 назв.) | ||
| 702 | 1 |
_aВоропаев _bВ.И. _gВладимир Иванович _4570 |
|
| 712 | 0 | 2 |
_aЦНИИ экономики и управления строительством _cМосква _3RU\NLR\AUTH\889946314 _9388219 |
| 801 | 0 |
_aRU _bNLR _gpsbo |
|
| 801 | 1 |
_aRU _bELAR _2rusmarc |
|
| 852 |
_aNLR _j90-4/4950 |
||
| 942 | _cBOOK | ||
| 980 | _aNB | ||